Hijos del sol / (Record no. 133987)

MARC details
000 -LEADER
campo de control de longitud fija 00492nam a2200169 i 4500
001 - NÚMERO DE CONTROL
campo de control 133987
003 - IDENTIFICADOR DE NÚMERO DE CONTROL
campo de control ES-MaACL
005 - FECHA Y HORA DE LA ÚLTIMA TRANSACCIÓN
campo de control 20230906194555.0
007 - CAMPO FIJO DE DESCRIPCIÓN FÍSICA--INFORMACIÓN GENERAL
campo de control de longitud fija t|
008 - DATOS DE LONGITUD FIJA--INFORMACIÓN GENERAL
campo de control de longitud fija 070904s1962 sp ||||1| spa d
100 1# - ENTRADA PRINCIPAL--NOMBRE DE PERSONA
Nombre de persona West, Morris L.
9 (RLIN) 116550
245 10 - MENCIÓN DEL TÍTULO
Título Hijos del sol /
Mención de responsabilidad, etc. Morris West ; [traducción de Estela Lorca de Rojo].
260 ## - PUBLICACIÓN, DISTRIBUCIÓN, ETC.
Lugar de publicación, distribución, etc. Barcelona :
Nombre del editor, distribuidor, etc. Pomaire,
Fecha de publicación, distribución, etc. 1962.
300 ## - DESCRIPCIÓN FÍSICA
Extensión 214 p. ;
Dimensiones 20 cm.
700 1# - ENTRADA AGREGADA--NOMBRE PERSONAL
Nombre de persona Lorca de Rojo, Estela.
9 (RLIN) 74075
852 ## - LOCALIZACIÓN
Ubicación ES-MaACL
Número de control de estantería C-35603
Sublocalización o colección R.68746
Holdings
Estatus retirado Estado de pérdida Estado de daño No para préstamo Biblioteca de origen Biblioteca actual Ubicación en estantería Fecha de adquisición Fuente de adquisición Total de préstamos Signatura topográfica completa Código de barras Visto por última vez Precio de reemplazo Tipo de ítem Koha
        Biblioteca del Ateneo de Madrid Biblioteca del Ateneo de Madrid Depósito 2 17/01/2008     C-35603 1139472 23/02/2023 23/02/2023 Libro impreso